| 000 | 00879nac a22002411i 4500 | ||
|---|---|---|---|
| 003 | EG-ScBUE | ||
| 005 | 20260510135914.0 | ||
| 008 | 101122s1971 ru a fr 000 0 ara d | ||
| 040 |
_aEG-ScBUE _bara _erda _cEG-ScBUE _dEG-ScBUE |
||
| 082 | 0 | 4 |
_a530.4 _bر ي د _222 |
| 100 | 1 |
_aريدنيك، ف.، _921213 _eمؤلف. |
|
| 245 | 1 | 0 |
_aما هي ميكانيكا الكم ؟ / _cف. ريدنيك. |
| 264 | 1 |
_aموسكو : _bدار مير للطباعة والنشر، _c1971. |
|
| 300 |
_a460 صفحة : _bإيضاحيات ؛ _c11 سم. |
||
| 336 |
_2rdacontent _aنص _btxt |
||
| 337 |
_aبدون وسيط _2rdamedia _bn |
||
| 338 |
_aمجلد _bnc _2rdacarrier |
||
| 490 | 0 | _aالعلم للجميع | |
| 541 |
_aإهداء ؛ _cمكتبة الإسكندرية ؛ |
||
| 650 | 7 |
_aميكانيكا الكم. _921215 _2BUEsh |
|
| 655 | _vReading book | ||
| 942 |
_cBB _k530.4 ر ي د _2ddc |
||
| 999 |
_c6462 _d6462 |
||